Movies Quiz

Random Movies or Pixar Quiz

Nemo Names Quiz Stats

 Plays Quiz Updated Oct 17, 2018

Score 0/5 Timer 02:00
2 Plays Today
% Correct
He's lost his son, Fabio
66.8%
Bye, Elmo!
56.1%
Your son, Chico?
49.5%
His son, Bingo
36%
Not much fun for little Harpo
27.5%

You're not logged in!

Compare scores with friends on all Sporcle quizzes.
OR
Log In

You Might Also Like...

Show Comments

Extras

Top Quizzes Today


Score Distribution

Your Account Isn't Verified!

In order to create a playlist on Sporcle, you need to verify the email address you used during registration. Go to your Sporcle Settings to finish the process.

Report this User

Report this user for behavior that violates our Community Guidelines.

Details: